Текст томруулах:    
Privatization, theory & practice (Бичлэгийн дугаар. 146436)
000 -УДИРДЛАГА
Удирдлага 01193nam a22002657a 4500
003 - ХЯНАЛТЫН ТОО ТОДОРХОЙЛОГЧ
Код MN-UlNUM
005 - БИЧИЛТ ХИЙСЭН ОГНОО
Тухайн бичилтийг бичсэн засварласан сүүлийн огноо 20260311172330.0
008 - ЕРӨНХИЙ МЭДЭЭЛЭЛ
Ерөнхий мэдээлэл 260311s1980 bcca b 000 0 eng
020 ## - ISBN
ISBN 088975036X
040 ## - БИЧЛЭГ ҮҮСГЭГЧ БАЙГУУЛЛАГА
Бичлэг үүсгэгч номын сангийн код МУИС-ийн номын сан
084 ## - ББК АНГИЛАЛ
Нэмэлт тусгалт Нэг сэдэвт бүтээл
ББК ангилал 65.262.6
Зохиогчийн гурван тэмдэгт O-37
Мэдлэгийн ялгаа 65 - Эдийн засаг
100 ## - ЗОХИОГЧ
Зохиогчийн нэр Ohashi, T. M
245 ## - ҮНДСЭН ГАРЧИГ
Номын нэр Privatization, theory & practice
Бага гарчгийн мэдээ Distributing shares in private and public enterprises
260 ## - ГАРАЛТЫН МЭДЭЭ
Хэвлэгдсэн газар Vancouver, B.C., Canada
Хэвлэлийн газар Fraser Institute
Хэвлэгдсэн он 1980
300 ## - МАТЕРИАЛЫН ТОДОРХОЙЛОЛТ
хуудасны тоо xxv, 221 p. :
Бусад тоон мэдээлэл ill. ;
Хэмжээ 21 cm
500 ## - Тайлбар
Дансны дугаар БС 4454
505 ## - Агуулгын тэмдэглэгээ
Агуулгын тэмдэглэгээ Stimulating book on the theory and practice of privatization follows the nationalization of the British Columbia Resources Investment Corporation through to its de-nationalization and its birth as a private, widely-held corporation. Tells the real story behind the largest common stock offering in Canadian history. Provides a thorough and provocative examination off the economic factors surrounding the distribution of shares in both public and private enterprises.
546 ## - ХЭЛНИЙ ТУХАЙ МЭДЭЭ
Хэл Англи хэл дээр,
653 ## - Түлхүүр үг
Түлхүүр үг stock ownership
653 ## - Түлхүүр үг
Түлхүүр үг privatization
653 ## - Түлхүүр үг
Түлхүүр үг stock ownership
700 ## - ХАМ ЗОХИОГЧИД
Ба бус Roth, T.P
942 ## - ЭЛЕМЕНТИЙН ТӨРӨЛ
Зүйлийн төрөл Ном